Pokémon - Les attaques de Artikodin de Galar - Statistiques

Statistiques générales
  • Ce quiz a été pris 19 fois
  • Le résultat moyen est 13 sur 16
Statistiques - réponses
Niveaux Types Noms des attaques % Correct
Niveau 5 Psy Choc Mental
100%
Niveau 25 Roche Pouvoir Antique
100%
Niveau 65 Psy Prescience
100%
Niveau 45 Psy Regard Glaçant
100%
Niveau 55 Vol Vent Violent
100%
Niveau 10 Psy Protection
89%
Départ Vol Tornade
89%
Niveau 30 Vol Vent Arrière
89%
Niveau 35 Psy Coupe Psycho
78%
Départ Psy Échange Psy
78%
Niveau 20 Psy Hâte
78%
Niveau 50 Psy Dévorêve
67%
Niveau 15 Psy Hypnose
67%
Niveau 70 Psy Distorsion
56%
Niveau 40 Normal Soin
56%
Niveau 60 Normal Lire-Esprit
44%
Aucun quiz correspondant
Distribution des résultats
% des personnes avec chaque résultat
Percentile par nombre de réponses
Votre historique - résultats
Vous n’avez pas pris ce quiz